000 00688nam a22002417a 4500
003 UA-OsUOA
001 45400
007 ta
008 20070418b un ||||| |||| 00| 0 ukr d
100 _aЛевченко К. Б.
090 _a340.12(082)
_bЛ38
942 _cBK
040 _aUA-OsUOA
_bukr
_cUA-OsUOA
_dUA-OsUOA
245 _aЛюдина. Свобода. Демократія
300 _a621 с.
955 _a2
041 _aukr
080 _a340.12(082)
020 _a966-2968-09-1
260 _aК.
_c2006
650 7 _a340 Право в цілому. Пропедевтика. Методи та допоміжні правничі науки
_2UDC
999 _c331494
_d331494